[Event "TCh-TUR Super League 2014"]
[Site "Kocaeli TUR"]
[Date "2014.08.22"]
[Round "5.5"]
[Board "1"]
[White "Fedoseev, Vladimir3"]
[Black "Cheparinov, Ivan"]
[Result "1-0"]
[WhiteTitle "GM"]
[BlackTitle "GM"]
[WhiteElo "2672"]
[BlackElo "2681"]
[WhiteTeam "Besiktas Jimnastik Kulubu"]
[BlackTeam "Turk Hava Yollari Spor Kulubu"]
[WhiteFideId "24130737"]
[BlackFideId "2905540"]
[EventDate "2014.08.18"]

1. d4 d5 2. c4 c6 3. Nf3 Nf6 4. e3 Bg4 5. h3 Bh5 6. Nc3 e6 7. g4 Bg6 8. Ne5 Nbd7
9. Nxg6 hxg6 10. a3 g5 11. Qf3 Bd6 12. Bd2 Qe7 13. O-O-O dxc4 14. Bxc4 Nb6 15.
Bb3 Nfd5 16. Ne2 Qf6 17. Qg2 O-O-O 18. Kb1 Bc7 19. Ka2 Kb8 20. e4 Nf4 21. Nxf4
Bxf4 22. e5 Qe7 23. Bb4 Qc7 24. h4 Nc8 25. Qe4 a5 26. Bc3 Ne7 27. hxg5 Bxg5 28.
f4 Bh4 29. Rd3 g5 30. f5 Nd5 31. Bd2 Rhe8 32. Rf3 Qb6 33. Rc1 Nf4 34. Rc4 Rd5
35. Ra4 Rb5 36. Qc2 Rc8 37. Bc4 Qxd4 38. Bxf4 gxf4 39. Bxb5 Qd5+ 40. Qb3 1-0

[Event "TCh-TUR Super League 2014"]
[Site "Kocaeli TUR"]
[Date "2014.08.22"]
[Round "5.5"]
[Board "2"]
[White "Gagunashvili, Merab"]
[Black "Solak, Dragan"]
[Result "1/2-1/2"]
[WhiteTitle "GM"]
[BlackTitle "GM"]
[WhiteElo "2573"]
[BlackElo "2632"]
[WhiteTeam "Turk Hava Yollari Spor Kulubu"]
[BlackTeam "Besiktas Jimnastik Kulubu"]
[WhiteFideId "13601652"]
[BlackFideId "916811"]
[EventDate "2014.08.18"]

1. d4 d5 2. c4 c6 3. Nf3 Nf6 4. e3 Bf5 5. Nc3 e6 6. Nh4 Be4 7. f3 Bg6 8. Qb3 Qc7
9. Bd2 Be7 10. Nxg6 hxg6 11. g3 a6 12. Rc1 Bd6 13. f4 Nbd7 14. Bg2 dxc4 15. Qxc4
Rc8 16. e4 Be7 17. e5 Nb6 18. Qb3 Nfd5 19. Ne4 Nd7 20. O-O O-O 21. g4 Qb6 22.
Qxb6 N5xb6 23. b4 Rfd8 24. a3 f5 25. Ng3 Kf7 26. h3 Nd5 27. Rc2 N7b6 28. Ne2 Nc7
29. Ra1 Nb5 30. Be3 Na4 31. Rc4 Rd7 32. Bf2 Bd8 33. Ra2 Bb6 34. Kf1 Rcd8 35. Bh4
Rh8 36. Bf2 Rhd8 37. Bh4 Rh8 38. Bf2 Ba7 39. Ke1 Rhd8 40. Bh4 Rh8 41. Bf2 Rhd8
42. Bh4 Ra8 43. Bf2 Rh8 44. Kf1 Rhd8 45. Bh4 Nxd4 46. Ng1 Nb6 47. Rxd4 Rxd4 48.
Bxd8 Rxd8 49. Nf3 Nd5 50. Ng5+ Ke7 51. Bxd5 Rxd5 52. Ke2 Rd4 53. Rd2 Rxd2+ 54.
Kxd2 b5 55. Nf3 c5 56. Kd3 Bb6 57. Nh4 Kf7 58. Nf3 Ke7 59. Nh4 Kf7 60. Nf3 a5
61. bxa5 Bxa5 62. Kc2 Ke7 63. Nh4 Kf7 64. Nf3 Bd8 65. Kb2 fxg4 66. hxg4 g5 67.
fxg5 Kg6 68. a4 bxa4 69. Ka3 c4 70. Kxa4 Be7 71. Nd4 Kxg5 72. Nxe6+ Kxg4 73. Kb5
c3 74. Nd4 Kf4 75. Kc4 Ke4 76. Kxc3 g5 77. Ne2 Ke3 78. Ng3 g4 79. Nh5 Bd8 80.
Kc4 Ke4 1/2-1/2

[Event "TCh-TUR Super League 2014"]
[Site "Kocaeli TUR"]
[Date "2014.08.22"]
[Round "5.5"]
[Board "3"]
[White "Mamedov, Rauf"]
[Black "Kerigan, Demre"]
[Result "1-0"]
[WhiteTitle "GM"]
[BlackTitle "FM"]
[WhiteElo "2659"]
[BlackElo "2343"]
[WhiteTeam "Besiktas Jimnastik Kulubu"]
[BlackTeam "Turk Hava Yollari Spor Kulubu"]
[WhiteFideId "13401653"]
[BlackFideId "6307841"]
[EventDate "2014.08.18"]

1. e4 d6 2. d4 Nf6 3. Nc3 c6 4. g3 e5 5. Bg2 Be7 6. Nge2 b5 7. a3 Nbd7 8. O-O
O-O 9. h3 Qc7 10. g4 Nb6 11. Ng3 Re8 12. d5 Bf8 13. Qe2 a6 14. Rd1 Bb7 15. dxc6
Bxc6 16. Nf5 Rac8 17. Qd3 d5 18. exd5 e4 19. Nxe4 Nbxd5 20. Nxf6+ Nxf6 21. Bxc6
Qxc6 22. c3 Bc5 23. Be3 Bxe3 24. Nxe3 Qf3 25. Nf1 Qf4 26. Ng3 h5 27. gxh5 Rc5
28. Re1 Rce5 29. Rxe5 Rxe5 30. Qd4 Nxh5 31. Nxh5 Qxd4 32. cxd4 Rxh5 33. Kg2 Rh4
34. Rd1 Kf8 35. Kg3 g5 36. f3 Ke7 37. Re1+ Kd6 38. Re4 Rh8 39. Re5 f6 40. Rf5
Ke6 41. Rc5 Kd6 42. b4 Rh4 43. d5 Rf4 44. Rc6+ Kxd5 45. Rxa6 Kc4 46. h4 Kb3 47.
h5 Rh4 48. Rxf6 Kxa3 49. h6 Rxb4 50. f4 gxf4+ 51. Rxf4 Ra4 52. Rxa4+ bxa4 53. h7
Ka2 54. h8=Q a3 55. Qc3 1-0

[Event "TCh-TUR Super League 2014"]
[Site "Kocaeli TUR"]
[Date "2014.08.22"]
[Round "5.5"]
[Board "4"]
[White "Yaramis, Hakan"]
[Black "Atakisi, Umut"]
[Result "0-1"]
[BlackTitle "IM"]
[WhiteElo "2089"]
[BlackElo "2343"]
[WhiteTeam "Turk Hava Yollari Spor Kulubu"]
[BlackTeam "Besiktas Jimnastik Kulubu"]
[WhiteFideId "6304613"]
[BlackFideId "6301037"]
[EventDate "2014.08.18"]

1. e4 c5 2. Nf3 Nc6 3. d4 cxd4 4. Nxd4 Nf6 5. Nc3 d6 6. Bg5 Bd7 7. Qd2 h6 8.
Bxf6 gxf6 9. Be2 Nxd4 10. Qxd4 Qa5 11. O-O Rc8 12. Kh1 Qc5 13. Qxc5 Rxc5 14. Bd3
Bg7 15. Ne2 f5 16. exf5 Bxf5 17. Bxf5 Rxf5 18. c3 Kd7 19. Rad1 Rc8 20. Nc1 e6
21. Kg1 h5 22. Rfe1 Rc4 23. Nd3 b5 24. f3 d5 25. a4 bxa4 26. Ra1 d4 27. Re4 Rb5
28. cxd4 f5 29. Re5 Rb3 0-1

[Event "TCh-TUR Super League 2014"]
[Site "Kocaeli TUR"]
[Date "2014.08.22"]
[Round "5.5"]
[Board "5"]
[White "Apaydin, Fethi"]
[Black "Simsek, Cevdet"]
[Result "0-1"]
[WhiteTitle "FM"]
[WhiteElo "2294"]
[BlackElo "2086"]
[WhiteTeam "Besiktas Jimnastik Kulubu"]
[BlackTeam "Turk Hava Yollari Spor Kulubu"]
[WhiteFideId "6302521"]
[BlackFideId "6305938"]
[EventDate "2014.08.18"]

1. e4 c6 2. Nc3 d5 3. Nf3 Bg4 4. h3 Bxf3 5. Qxf3 e6 6. d3 Nd7 7. Bd2 Ne7 8. g3
g6 9. Bg2 Bg7 10. O-O O-O 11. Qe2 d4 12. Nd1 c5 13. f4 Qc7 14. g4 Rae8 15. Nf2
f5 16. Rae1 fxg4 17. Nxg4 Nf6 18. Nxf6+ Bxf6 19. Qg4 Qd7 20. Kh1 Kh8 21. b3 Bg7
22. h4 Ng8 23. Qh3 Nf6 24. Bf3 b6 25. h5 Nxh5 26. Bxh5 gxh5 27. Qxh5 Rf6 28. Kg2
Rh6 29. Qf3 Bf6 30. Rh1 Rg8+ 31. Kf1 Rxh1+ 32. Qxh1 Qg7 33. Ke2 Qg4+ 34. Qf3
Qg2+ 35. Qxg2 Rxg2+ 36. Kd1 Kg7 37. Re2 Rg1+ 38. Re1 Rg2 39. Re2 Rg1+ 40. Re1
Rg4 41. Rf1 h5 42. Ke2 Bh4 43. Be1 Bxe1 44. Kxe1 h4 45. Ke2 Kg6 46. f5+ exf5 47.
Rxf5 h3 48. Rf2 Kg5 49. Kf3 Kh4 50. e5 Rg3+ 51. Ke4 Re3+ 52. Kf4 Re1 53. Rd2
Rf1+ 54. Ke4 Kg3 55. e6 h2 56. Rxh2 Kxh2 57. Kd5 Kg3 58. e7 Re1 59. Kd6 Kf3 60.
a4 Re3 61. Kd7 Ke2 0-1

[Event "TCh-TUR Super League 2014"]
[Site "Kocaeli TUR"]
[Date "2014.08.22"]
[Round "5.5"]
[Board "6"]
[White "Melia, Salome"]
[Black "Ozturk, Kubra"]
[Result "1/2-1/2"]
[WhiteTitle "IM"]
[BlackTitle "WGM"]
[WhiteElo "2475"]
[BlackElo "2291"]
[WhiteTeam "Turk Hava Yollari Spor Kulubu"]
[BlackTeam "Besiktas Jimnastik Kulubu"]
[WhiteFideId "13602446"]
[BlackFideId "6302599"]
[EventDate "2014.08.18"]

1. e4 e5 2. Nf3 Nc6 3. Bb5 a6 4. Ba4 Nf6 5. O-O b5 6. Bb3 Bb7 7. d3 Be7 8. a4
O-O 9. Re1 Re8 10. Na3 Na5 11. Ba2 b4 12. Nc4 Nxc4 13. Bxc4 Bf8 14. a5 d5 15.
exd5 Bxd5 16. Nd2 e4 17. Bxd5 Qxd5 18. dxe4 Nxe4 19. Nxe4 Rxe4 20. Be3 Rd8 21.
Qxd5 1/2-1/2

[Event "TCh-TUR Super League 2014"]
[Site "Kocaeli TUR"]
[Date "2014.08.22"]
[Round "5.5"]
[Board "7"]
[White "Arat, Ufuk Sezen"]
[Black "Soysal, Serkan"]
[Result "0-1"]
[WhiteElo "2189"]
[BlackElo "2261"]
[WhiteTeam "Besiktas Jimnastik Kulubu"]
[BlackTeam "Turk Hava Yollari Spor Kulubu"]
[WhiteFideId "6309089"]
[BlackFideId "6349250"]
[EventDate "2014.08.18"]

1. d4 Nf6 2. c4 c6 3. Nf3 d5 4. e3 g6 5. Nc3 Bg7 6. Be2 O-O 7. O-O b6 8. b4 dxc4
9. Bxc4 Nd5 10. Bb2 Nxb4 11. Qb3 N4a6 12. a4 Nc7 13. Ng5 e6 14. Nge4 Re8 15. a5
Ba6 16. Rfc1 Bxc4 17. Qxc4 f5 18. Nd2 b5 19. Qb3 Qd7 20. Rd1 Nba6 21. Nf3 Red8
22. e4 b4 23. Ne2 fxe4 24. Nd2 Qd5 25. Qe3 c5 26. Nxe4 c4 27. Nf4 Qf5 28. Ng3
Qf7 29. Rac1 c3 30. Ba1 Bh6 31. Nge2 Nd5 32. Qxe6 Qxe6 33. Nxe6 Re8 0-1

[Event "TCh-TUR Super League 2014"]
[Site "Kocaeli TUR"]
[Date "2014.08.22"]
[Round "5.5"]
[Board "8"]
[White "Ozturk, Hilal"]
[Black "Soylemez, Cansu"]
[Result "1-0"]
[WhiteElo "1816"]
[BlackElo "1919"]
[WhiteTeam "Turk Hava Yollari Spor Kulubu"]
[BlackTeam "Besiktas Jimnastik Kulubu"]
[WhiteFideId "6315330"]
[BlackFideId "6315429"]
[EventDate "2014.08.18"]

1. e4 c5 2. c3 g6 3. d4 cxd4 4. cxd4 d5 5. e5 Nc6 6. Nc3 Bg7 7. h3 Nh6 8. Nf3
O-O 9. Be2 Nf5 10. O-O Be6 11. Bf4 f6 12. g4 Nh6 13. exf6 exf6 14. Nb5 Qd7 15.
Nc7 Rac8 16. Nxe6 Qxe6 17. Re1 Qd7 18. Bb5 Nf7 19. Qd3 Nd6 20. Ba4 Ne4 21. Bb3
f5 22. Ne5 Nxe5 23. dxe5 Rcd8 24. Rad1 Qe7 25. f3 Ng5 26. Bxd5+ Kh8 27. Bxg5
Qxg5 28. Qe3 Qh4 29. Kg2 b6 30. e6 Rfe8 31. Bc6 Rxd1 32. Rxd1 f4 33. Qxf4 Bh6
34. Qe5+ Bg7 35. Qc7 Rg8 36. e7 Qf6 37. Rd2 Qg5 38. Re2 Bd4 39. e8=Q 1-0

[Event "TCh-TUR Super League 2014"]
[Site "Kocaeli TUR"]
[Date "2014.08.22"]
[Round "5.5"]
[Board "9"]
[White "Ozcan, Bora"]
[Black "Akdogan, Alperen"]
[Result "1-0"]
[WhiteElo "1786"]
[BlackElo "1792"]
[WhiteTeam "Besiktas Jimnastik Kulubu"]
[BlackTeam "Turk Hava Yollari Spor Kulubu"]
[WhiteFideId "6335438"]
[BlackFideId "6347363"]
[EventDate "2014.08.18"]

1. d4 Nf6 2. c4 e6 3. Nf3 d5 4. Nc3 Be7 5. Bg5 O-O 6. e3 c6 7. Bd3 Nbd7 8. O-O
dxc4 9. Bxc4 b5 10. Bd3 a6 11. a4 b4 12. Bxf6 Nxf6 13. Ne4 Nxe4 14. Bxe4 Bb7 15.
Ne5 Bd6 16. Rc1 Rc8 17. f4 f5 18. Bxc6 Bxc6 19. Nxc6 Qb6 20. Ne5 Bxe5 21. fxe5
b3 22. Qd3 Qb7 23. Rc4 g5 24. Rfc1 f4 25. exf4 gxf4 26. Rxc8 Rxc8 27. Rxc8+ Qxc8
28. Qxb3 Qc6 29. Kf2 Kf7 30. Qd3 Kg7 31. b3 h6 32. h4 h5 33. Qf3 Qc2+ 34. Kg1
Qd2 35. Kh2 Kh6 36. Qc6 Qxd4 37. Qxe6+ Kg7 38. Qe7+ Kg6 39. Qd6+ Qxd6 40. exd6
Kf6 41. g3 fxg3+ 42. Kxg3 Ke6 43. b4 Kxd6 44. Kf4 1-0

[Event "TCh-TUR Super League 2014"]
[Site "Kocaeli TUR"]
[Date "2014.08.22"]
[Round "5.5"]
[Board "10"]
[White "Kaymaz, Lena Nur"]
[Black "Arda, Cagil Irmak"]
[Result "0-1"]
[BlackTitle "WCM"]
[WhiteElo "1687"]
[BlackElo "1872"]
[WhiteTeam "Turk Hava Yollari Spor Kulubu"]
[BlackTeam "Besiktas Jimnastik Kulubu"]
[WhiteFideId "6359990"]
[BlackFideId "6351700"]
[EventDate "2014.08.18"]

1. e4 c6 2. c4 d5 3. cxd5 cxd5 4. exd5 Nf6 5. Bb5+ Bd7 6. Bc4 Qc7 7. Bb3 Nxd5 8.
Nf3 Nf6 9. O-O e6 10. d4 Be7 11. Nc3 O-O 12. Bg5 Bc6 13. Ne5 Nd5 14. Nxd5 Bxd5
15. Rc1 Qd8 16. Bxd5 exd5 17. Bxe7 Qxe7 18. Qb3 Na6 19. Qxd5 Rad8 20. Qc4 Qb4
21. Qxb4 Nxb4 22. Rc4 Nd5 23. Rd1 Rfe8 24. Kf1 f6 25. Nf3 Kf7 26. Rc5 Re7 27. g3
b6 28. Rc4 Rde8 29. Re1 Rxe1+ 30. Nxe1 Ke6 31. Nd3 Kd6 32. a4 g6 33. b4 Re3 34.
Ne1 Ra3 35. b5 Rc3 36. Rc6+ Rxc6 37. bxc6 Kxc6 38. Nd3 a5 39. Nb2 Nc3 40. Ke1
Kd5 41. Kd2 Kxd4 42. f3 Nd5 43. h3 Ne7 44. Nd1 Nd5 45. Nb2 Ne3 46. Ke2 Nc4 47.
Nd1 Kc5 48. Nc3 Kb4 49. Kd3 Nb2+ 50. Kd4 Nxa4 51. Nd5+ Ka3 52. Kc4 f5 53. g4 Kb2
54. gxf5 gxf5 55. f4 b5+ 56. Kd4 b4 57. Ne3 b3 58. Nc4+ Kc1 59. Nxa5 b2 60. Nb3+
Kc2 0-1

[Event "TCh-TUR Super League 2014"]
[Site "Kocaeli TUR"]
[Date "2014.08.22"]
[Round "5.6"]
[Board "3"]
[White "Soylu, Suat"]
[Black "Haznedaroglu, Kivanc"]
[Result "1-0"]
[WhiteTitle "IM"]
[BlackTitle "GM"]
[WhiteElo "2394"]
[BlackElo "2471"]
[WhiteTeam "Tarsus Zeka Satranc Kulubu"]
[BlackTeam "T.S. Alyans Satranc Spor Kulubu"]
[WhiteFideId "6300065"]
[BlackFideId "6300634"]
[EventDate "2014.08.18"]

1. e4 e5 2. Nf3 Nc6 3. Bb5 a6 4. Bxc6 dxc6 5. O-O f6 6. d4 Bg4 7. dxe5 Qxd1 8.
Rxd1 fxe5 9. Nbd2 O-O-O 10. Re1 Bd6 11. h3 Bh5 12. Nh4 Nf6 13. Nf5 Bb4 14. c3
Bf8 15. g4 Bf7 16. Nf3 Nd7 17. b3 h5 18. Be3 hxg4 19. hxg4 g6 20. Ng3 a5 21. Kg2
Ba3 22. Ng5 Bg8 23. Rh1 Rxh1 24. Rxh1 Nf6 25. Rh4 b5 26. Nf3 Nd7 27. Rh6 Bb2 28.
Rxg6 a4 29. Nf5 Re8 30. Rxg8 1-0

[Event "TCh-TUR Super League 2014"]
[Site "Kocaeli TUR"]
[Date "2014.08.22"]
[Round "5.6"]
[Board "4"]
[White "Yilmazyerli, Mert"]
[Black "Bayram, Yakup"]
[Result "1-0"]
[WhiteTitle "FM"]
[BlackTitle "FM"]
[WhiteElo "2454"]
[BlackElo "2268"]
[WhiteTeam "T.S. Alyans Satranc Spor Kulubu"]
[BlackTeam "Tarsus Zeka Satranc Kulubu"]
[WhiteFideId "6305962"]
[BlackFideId "6300677"]
[EventDate "2014.08.18"]

1. e4 c5 2. Nf3 e6 3. g3 d5 4. exd5 exd5 5. d4 Nf6 6. Bg2 Be7 7. O-O O-O 8. dxc5
Nc6 9. Be3 Ng4 10. Bd4 Nxd4 11. Nxd4 Bxc5 12. h3 Qb6 13. c3 Nf6 14. Nb3 Bd6 15.
Qd4 Qc7 16. Qd3 Bd7 17. N1d2 Rad8 18. Rfe1 Qc8 19. Kh2 h5 20. Qd4 b6 21. Qh4
Rfe8 22. Nd4 Rxe1 23. Rxe1 Re8 24. Rxe8+ Qxe8 25. N2f3 Qe7 26. Qg5 g6 27. Nc2
Bf5 28. Ne3 Be4 29. Kg1 Bc5 30. Nd4 Bxd4 31. cxd4 Bxg2 32. Nxg2 Kg7 33. Ne3 Qe4
34. g4 hxg4 35. hxg4 Nh7 36. Qxd5 Qxd5 37. Nxd5 Ng5 38. Kg2 Ne6 39. Kf3 Nxd4+
40. Ke4 Ne6 41. b4 f6 42. Ne7 b5 43. f4 Kf7 44. Nd5 Kg7 45. a3 a6 46. f5 Ng5+
47. Kd4 Nf3+ 48. Kc5 Ne5 49. Kb6 Nc4+ 50. Kxa6 Nxa3 51. Nc7 gxf5 52. gxf5 Kf7
53. Nxb5 Nc2 54. Ka5 Ke7 55. Nc7 Nd4 56. b5 Nxf5 57. b6 Nd6 58. Ka6 f5 59. Nb5
Ne4 60. Ka7 Nc5 61. Nc7 Kd6 62. Nb5+ Ke5 63. Nc3 f4 64. Na4 Nb7 65. Kxb7 f3 66.
Nb2 1-0

[Event "TCh-TUR Super League 2014"]
[Site "Kocaeli TUR"]
[Date "2014.08.22"]
[Round "5.6"]
[Board "5"]
[White "Ozkan, Ervin"]
[Black "Arduman, Can"]
[Result "1/2-1/2"]
[BlackTitle "IM"]
[WhiteElo "2215"]
[BlackElo "2347"]
[WhiteTeam "Tarsus Zeka Satranc Kulubu"]
[BlackTeam "T.S. Alyans Satranc Spor Kulubu"]
[WhiteFideId "6306004"]
[BlackFideId "6300022"]
[EventDate "2014.08.18"]

1. d4 d5 2. Bf4 Nf6 3. e3 c5 4. c3 Nc6 5. Nf3 e6 6. Nbd2 Bd6 7. Bg3 Bxg3 8. hxg3
Qd6 9. Bd3 Bd7 10. dxc5 Qxc5 11. e4 Ng4 12. Qe2 Nce5 13. Nxe5 Nxe5 14. exd5 Qxd5
15. Be4 Qb5 16. Qxb5 Bxb5 17. Nf3 Nxf3+ 18. Bxf3 O-O-O 19. Rh5 Bd3 20. Rd1 h6
21. Re5 Kc7 22. Be4 Bxe4 23. Rxe4 Rxd1+ 24. Kxd1 Rd8+ 25. Ke2 Rd5 26. Rg4 g5 27.
Rc4+ Kd7 28. a4 h5 29. f4 g4 30. Ke3 e5 31. Ke4 1/2-1/2

[Event "TCh-TUR Super League 2014"]
[Site "Kocaeli TUR"]
[Date "2014.08.22"]
[Round "5.6"]
[Board "6"]
[White "Wang, Jue"]
[Black "Gvetadze, Sofio"]
[Result "1-0"]
[WhiteTitle "WGM"]
[BlackTitle "IM"]
[WhiteElo "2368"]
[BlackElo "2361"]
[WhiteTeam "T.S. Alyans Satranc Spor Kulubu"]
[BlackTeam "Tarsus Zeka Satranc Kulubu"]
[WhiteFideId "8604070"]
[BlackFideId "13601440"]
[EventDate "2014.08.18"]

1. e4 d6 2. d4 Nf6 3. Nc3 Nbd7 4. Nf3 e5 5. Bc4 Be7 6. O-O O-O 7. Re1 c6 8. a4
Qc7 9. h3 b6 10. Ba2 Bb7 11. Nh4 Rfe8 12. Nf5 Bf8 13. dxe5 Nxe5 14. Bg5 Nfd7 15.
Qd2 a6 16. Rad1 b5 17. Nxd6 Bxd6 18. Qxd6 Qxd6 19. Rxd6 b4 20. Ne2 Nc5 21. Nd4
h6 22. Bh4 Kf8 23. Bg3 Rac8 24. a5 f6 25. Nf5 Rc7 26. f3 Bc8 27. Bf2 Nb7 28. Bb6
Rd7 29. Rxd7 Bxd7 30. Rd1 Be6 31. Bxe6 Rxe6 32. b3 g6 33. Ne3 Ke8 34. Rd4 c5 35.
Rd5 Rc6 36. f4 Nd7 37. Nc4 Ke7 38. Kf2 Rc8 39. Ke3 Rc6 40. g4 Rc8 41. h4 Nf8 42.
h5 g5 43. f5 Nd7 44. Kf3 Rc6 45. e5 fxe5 46. Rxd7+ Kxd7 47. Nxe5+ Kd6 48. Nxc6
Kxc6 49. Ke4 Kd6 50. f6 Ke6 51. Bc7 c4 52. Kd4 Kxf6 53. Kd5 Ke7 54. Kc6 cxb3 55.
cxb3 Nd8+ 56. Bxd8+ Kxd8 57. Kb6 Kd7 58. Kxa6 Kc6 59. Ka7 Kc7 60. a6 Kc8 61. Kb6
Kb8 62. Kb5 Ka7 63. Ka5 1-0

[Event "TCh-TUR Super League 2014"]
[Site "Kocaeli TUR"]
[Date "2014.08.22"]
[Round "5.6"]
[Board "8"]
[White "Soydan, Busra"]
[Black "Kaplan, Ebru"]
[Result "0-1"]
[WhiteElo "1762"]
[BlackElo "1882"]
[WhiteTeam "T.S. Alyans Satranc Spor Kulubu"]
[BlackTeam "Tarsus Zeka Satranc Kulubu"]
[WhiteFideId "6318673"]
[BlackFideId "6315194"]
[EventDate "2014.08.18"]

1. e4 e5 2. Nf3 Nc6 3. d4 exd4 4. Bc4 Nf6 5. e5 d5 6. Bb5 Ne4 7. Nxd4 Bd7 8.
Bxc6 bxc6 9. O-O Bc5 10. Be3 O-O 11. f3 Ng5 12. f4 Ne4 13. Nd2 Nxd2 14. Qxd2 f6
15. Nf3 Bb6 16. h3 Re8 17. Rae1 Bf5 18. Nd4 Bd7 19. Nf3 a5 20. b3 Qe7 21. Kh2
Qf7 22. Qf2 Rab8 23. c3 Qf8 24. g4 f5 25. Qg3 Bxe3 26. Rxe3 c5 27. Rg1 a4 28.
Nh4 fxg4 29. hxg4 axb3 30. axb3 Rxb3 31. f5 d4 32. cxd4 Rb2+ 33. Kh3 cxd4 34.
Ree1 Ba4 35. Nf3 Rb3 36. Qf4 Bc6 37. Rg3 Bxf3 38. Rxf3 Qa3 39. Rxb3 Qxb3+ 40.
Qg3 Qxg3+ 41. Kxg3 c5 42. Kf3 d3 43. e6 c4 44. Ke3 Kf8 45. Kd4 Rc8 46. Kc3 Ke7
47. g5 h6 48. gxh6 gxh6 49. Re4 Rc7 50. Rd4 Kf6 51. Rd5 h5 52. Kd4 h4 53. Ke3 h3
54. Kf4 h2 55. Rd8 h1=Q 56. Rf8+ Kg7 0-1

[Event "TCh-TUR Super League 2014"]
[Site "Kocaeli TUR"]
[Date "2014.08.22"]
[Round "5.6"]
[Board "9"]
[White "Sevgi, Volkan"]
[Black "Can, Melih Kaan"]
[Result "1-0"]
[WhiteTitle "FM"]
[WhiteElo "2142"]
[BlackElo "2034"]
[WhiteTeam "Tarsus Zeka Satranc Kulubu"]
[BlackTeam "T.S. Alyans Satranc Spor Kulubu"]
[WhiteFideId "6325335"]
[BlackFideId "6317383"]
[EventDate "2014.08.18"]

1. e4 e5 2. Bc4 Nf6 3. d3 Be7 4. Nf3 d6 5. c3 O-O 6. Nbd2 Nc6 7. Bb3 d5 8. Qe2
Re8 9. Nf1 a5 10. Ne3 d4 11. Ng5 Rf8 12. Nf5 a4 13. Nxe7+ Qxe7 14. Bc2 a3 15.
O-O b5 16. Bb3 axb2 17. Bxb2 Ba6 18. cxd4 Nxd4 19. Bxd4 exd4 20. e5 h6 21. Nxf7
Rxf7 22. Qf3 Rf8 23. exf6 Qxf6 24. Qxf6 gxf6 25. Rac1 Kg7 26. Bxf7 Rxf7 27. Rc6
Bb7 28. Rc5 c6 29. Re1 Rd7 30. f4 Kf7 31. Re4 Rd6 32. Kf2 Bc8 33. f5 Rd7 34. g4
Rd6 35. h4 Rd7 36. Re6 Bb7 37. Kg3 Rd8 38. Re4 Rd7 39. Kf4 Rd8 40. a3 Ba8 41.
Re6 Bb7 42. g5 hxg5+ 43. hxg5 fxg5+ 44. Kxg5 Rg8+ 45. Rg6 Re8 46. f6 Bc8 47.
Rg7+ 1-0

[Event "TCh-TUR Super League 2014"]
[Site "Kocaeli TUR"]
[Date "2014.08.22"]
[Round "5.6"]
[Board "10"]
[White "Ozbay, Ece"]
[Black "Okuyaz, Duru"]
[Result "0-1"]
[BlackTitle "WCM"]
[WhiteElo "1611"]
[BlackElo "1888"]
[WhiteTeam "T.S. Alyans Satranc Spor Kulubu"]
[BlackTeam "Tarsus Zeka Satranc Kulubu"]
[WhiteFideId "6351743"]
[BlackFideId "6346022"]
[EventDate "2014.08.18"]

1. e4 e6 2. d4 d5 3. Nd2 c5 4. c3 cxd4 5. cxd4 Nc6 6. Bb5 dxe4 7. Bxc6+ bxc6 8.
Nxe4 Qd5 9. f3 Bb4+ 10. Nc3 Ba6 11. Be3 Qc4 12. Ne2 Qxe2+ 13. Qxe2 Bxe2 14. Kxe2
Ne7 15. a3 Ba5 16. Ne4 O-O 17. Rac1 h6 18. Rc2 Bb6 19. Nc5 Rfd8 20. g4 Nd5 21.
h4 Rab8 22. Rh2 e5 23. dxe5 Nxe3 24. Kxe3 Rd5 25. b4 Rxe5+ 26. Kd4 Rd5+ 27. Kc4
Bxc5 28. bxc5 Rb5 29. Rhd2 Rdxc5+ 30. Kd4 Rd5+ 31. Ke4 Ra5 32. Rxd5 cxd5+ 33.
Kd4 Rxa3 34. Kxd5 Rxf3 35. Ra2 Rf4 36. g5 Rxh4 37. gxh6 Rxh6 38. Rxa7 Rf6 39.
Ke5 Re6+ 40. Kf4 g6 41. Kg4 Kg7 42. Rb7 Kf6 43. Rb5 Re4+ 44. Kf3 Re5 45. Rb7 g5
46. Ra7 Kg6 47. Ra6+ Kf5 48. Ra4 g4+ 49. Kf2 Kg5 50. Ra8 f5 51. Rf8 Kf4 52. Rg8
g3+ 53. Rxg3 Re2+ 54. Kxe2 Kxg3 55. Kf1 f4 56. Kg1 f3 57. Kh1 Kf2 58. Kh2 Ke2
59. Kg3 f2 60. Kg4 f1=Q 61. Kg5 Qf7 62. Kg4 Ke3 63. Kg5 Ke4 64. Kg4 Qg6+ 65. Kh4
Kf3 66. Kh3 Qg3# 0-1

[Event "TCh-TUR Super League 2014"]
[Site "Kocaeli TUR"]
[Date "2014.08.22"]
[Round "6.1"]
[Board "1"]
[White "Cheparinov, Ivan"]
[Black "Mchedlishvili, Mikheil"]
[Result "1/2-1/2"]
[WhiteTitle "GM"]
[BlackTitle "GM"]
[WhiteElo "2681"]
[BlackElo "2618"]
[WhiteTeam "Turk Hava Yollari Spor Kulubu"]
[BlackTeam "Tarsus Zeka Satranc Kulubu"]
[WhiteFideId "2905540"]
[BlackFideId "13600966"]
[EventDate "2014.08.18"]

1. d4 Nf6 2. c4 g6 3. Nf3 Bg7 4. g3 c6 5. Nc3 d5 6. cxd5 cxd5 7. Ne5 O-O 8. Bg2
Bf5 9. Bf4 Ne4 10. Qb3 Nc6 11. Qxd5 Bxe5 12. Bxe5 Nxc3 13. Qxd8 Raxd8 14. Bxc6
Nxe2 15. Bxb7 Nxd4 16. Rd1 Nb5 17. O-O f6 18. a4 fxe5 19. axb5 Bd3 20. Rfe1 Bxb5
21. Rxd8 Rxd8 22. Rxe5 Rd1+ 23. Kg2 Bf1+ 24. Kf3 Kf8 25. Rd5 Rb1 26. Rd2 Bc4 27.
Be4 Ra1 28. h4 Be6 29. Ke3 Kf7 30. Bd5 1/2-1/2

[Event "TCh-TUR Super League 2014"]
[Site "Kocaeli TUR"]
[Date "2014.08.22"]
[Round "6.1"]
[Board "2"]
[White "Miroshnichenko, Evgenij"]
[Black "Heberla, Bartlomiej"]
[Result "1/2-1/2"]
[WhiteTitle "GM"]
[BlackTitle "GM"]
[WhiteElo "2602"]
[BlackElo "2574"]
[WhiteTeam "Tarsus Zeka Satranc Kulubu"]
[BlackTeam "Turk Hava Yollari Spor Kulubu"]
[WhiteFideId "14102595"]
[BlackFideId "1115120"]
[EventDate "2014.08.18"]

1. d4 g6 2. e4 Bg7 3. Nc3 c6 4. Nf3 d5 5. h3 Nh6 6. g3 O-O 7. Bg2 dxe4 8. Nxe4
Nf5 9. c3 Nd6 10. Nc5 b6 11. Nd3 Bb7 12. O-O Nd7 13. Re1 c5 14. Bf4 Re8 15. dxc5
Nxc5 16. Nb4 a5 17. Nd5 Nc4 18. Nxe7+ Kf8 19. Ng5 Rxe7 20. Nxh7+ Ke8 21. Rxe7+
Qxe7 22. Bxb7 Qxb7 23. Qe2+ Qe4 24. Qxe4+ Nxe4 25. Re1 f5 26. f3 Nxb2 27. fxe4
Bxc3 28. Re2 1/2-1/2